|
|
|
|
| LEADER |
00937nam a2200253 i 4500 |
| 001 |
c000104093 |
| 003 |
CARM |
| 005 |
00000000000000.0 |
| 008 |
750830r19751970enk 00011 eng d |
| 015 |
|
|
|a B7521164
|
| 019 |
1 |
|
|a 3540491
|5 LACONCORD2021
|
| 020 |
|
|
|a 0450025993 :
|c L.2.75
|
| 035 |
|
|
|a (OCoLC)16290652
|5 LACONCORD2021
|
| 100 |
1 |
|
|a Roudybush, Alexandra.
|
| 245 |
1 |
4 |
|a The house of the cat /
|c Alexandra Roudybush.
|
| 260 |
|
|
|a London :
|b New English Library,
|c 1975.
|
| 300 |
|
|
|a 191 p. ;
|c 22cm.
|
| 500 |
|
|
|a Fiction in English, 1900-. Texts (BNB/PRECIS)
|
| 500 |
|
|
|a Originally published: Garden City, N.Y. : Doubleday, 1970.
|
| 650 |
|
0 |
|a English fiction.
|
| 852 |
8 |
|
|b CARM
|h A2:AD23B0
|i B03047
|p 0150243
|f BK
|
| 082 |
0 |
4 |
|a 823/.9/1
|2 18
|
| 999 |
f |
f |
|i 6a77c74d-edb0-50be-852b-73c79d6fd587
|s dcd4d4b2-68ff-51e9-9aea-bbbc84ee9cbe
|
| 952 |
f |
f |
|p Can circulate
|a CAVAL
|b CAVAL
|c CAVAL
|d CARM 1 Store
|e B03047
|f A2:AD23B0
|h Other scheme
|i book
|m 0150243
|